Guessing the Taylor Swift Song 3 - Statistics

General Stats
  • This quiz has been taken 37 times
  • The average score is 146 of 238
Answer Stats
Answer % Correct
You
96%
you
96%
a
93%
I
93%
it
89%
the
89%
and
85%
And
85%
me
85%
to
85%
To
85%
go
81%
we
81%
We
81%
your
81%
in
78%
In
78%
were
78%
for
74%
my
74%
on
74%
they
74%
Too
74%
was
74%
all
70%
All
70%
But
70%
but
70%
had
70%
had.
70%
It's
70%
of
70%
got
67%
knew
67%
love
67%
So
67%
so
67%
us
67%
what
67%
could
63%
last
63%
mad...
63%
never
63%
night...
63%
think
63%
at
59%
back
59%
"Don't
59%
down
59%
like
59%
lost
59%
There
59%
went
59%
with
59%
'Cause
56%
Didn't
56%
eye
56%
forever
56%
tell
56%
as
52%
better.
52%
gone.
52%
Life
52%
one
52%
or
52%
our
52%
out
52%
Wonderland
52%
Wonderland...
52%
cat
48%
eyes
48%
found
48%
home.
48%
mind...
48%
smile...
48%
around
44%
both
44%
end
44%
feel
44%
hole...
44%
into
44%
make
44%
new
44%
rabbit
44%
seem
44%
turn
44%
worse,
44%
alone,
41%
arms
41%
Fell
41%
felt
41%
green
41%
open
41%
pretended
41%
seems
41%
should've
41%
slept
41%
straight
41%
their
41%
things"
41%
Took
41%
turned
41%
way
41%
world
41%
control...
37%
flash
37%
Haven't
37%
loses
37%
reached
37%
rush
37%
seemed...
37%
somebody
37%
something
37%
becomes
33%
curious
33%
else
33%
exciting
33%
fun
33%
games
33%
heard
33%
minds...
33%
screams...
33%
searched
33%
talking
33%
'til
33%
twisting
33%
watching
33%
wrong
33%
Cheshire
30%
fears
30%
Flashing
30%
held
30%
lights
30%
nothing's
30%
Spinning
30%
strangers
30%
tight
30%
Whispers
30%
calm
22%
No matching quizzes found
Score Distribution
Percent of People with Each Score
Percentile by Number Answered
Your Score History
You have not taken this quiz